000 00739nam a22002297a 4500
005 20130520125906.0
010 _aENG-106978
020 _a9780198077619
_c850.00
020 _a0198077610
_c850.00
035 _aEN-90511
037 _bDBAD/PUB
082 _a364.9
245 1 0 _aCrime through time /
_cedited by Saurabh Dube [and] Anupama Rao
260 _aNew Delhi
_bOxford University Press
_c2013
270 _aYMCA Library Building, 1 Jai Singh Road
_bNew Delhi
_e110001
300 _alxiii,309p.
_c22cm(Hb)
490 _aOxford in India readings themes in Indian history
500 _aIncludes bibliographical references
700 _aDube, Saurabh
700 _aRao, Anupama
942 _2ddc
_cEN
_mCRI
_h364.9
999 _c75105
_d75105